000 00449nam a2200157Ia 4500
008 240729s9999 xx 000 0 und d
022 _a2765-8511
245 0 _aSustainable Environment
260 _aUnited Kingdom
260 _bTaylor & Francis Group
650 _a Environmental sciences
650 _aGeography. Anthropology. Recreation
856 _uhttps://doaj.org/toc/8b582d472d3a4709a56da7c93daacb0e
942 _2ddc
942 _cDOAJEJ
999 _c72284
_d72284
945 _a1
_bMadushi Gamage
_c1
_dMadushi Gamage